00321nam a2200121Ia 4500008004100000082001300041100002200054245005900076250000800135260004000143300000800183650000800191191201s1999 xx 000 0 und d a657bBHM aBHATTACHARYYA, S. 0aManagement Accounting in Corporating Accounting Theory a1st aN.DelhibS Chand and Co. Ltd.c1999 a716 aMBA